El extranjero

محفوظ في:
التفاصيل البيبلوغرافية
المؤلف الرئيسي: Camus, Albert (مؤلف)
التنسيق: كتاب
اللغة:الإسبانية
منشور في: Buenos Aires Ediciones de la Flor 2011
الطبعة:1a. ed
الموضوعات:
الوسوم: إضافة وسم
لا توجد وسوم, كن أول من يضع وسما على هذه التسجيلة!

MARC

LEADER 00000cam a2200000 a 4500
001 UCF1996
003 CL-VaPUC
005 20240514153635.0
008 120802e20110300AG |||||||||||||||||spa|d
999 |c 348679  |d 348677 
020 |a 9789505150441 
040 |c Pontificia Universidad Católica de Valparaíso 
082 0 4 |a 843  |b CAM  |2 21 
100 0 |a Camus, Albert  |e author  |9 315220 
245 1 3 |a El extranjero 
250 |a 1a. ed 
260 |a Buenos Aires  |b Ediciones de la Flor  |c 2011 
300 |a 96 p 
583 |a last modification  |c 20120802 10:35:00  |k Rodrigo Vera 
650 0 |a Novela francesa  |9 264985 
650 0 |a Literatura francesa  |9 266330 
650 0 |a Novela gráfica  |9 561356 
852 |a BIBCUR 
942 |c BK  |2 ddc 
945 |d 20120802 00:00:00  |a dcastane 
952 |0 0  |1 0  |4 0  |6 843_000000000000000_CAM_2011  |7 0  |8 A  |9 450812  |a BIBING  |b BIBING  |d 2019-11-22  |i 4873548  |l 4  |o 843 CAM 2011  |p 4873548  |r 2025-01-20  |s 2023-12-14  |w 2019-11-22  |y BK  |k CUI